Summer Olympics host cities - Statistics

General Stats
  • This quiz has been taken 33 times
  • The average score is 30 of 32
Answer Stats
year Country Answer % Correct
2004 Greece Athens
100%
1992 Spain Barcelona
100%
2012 United Kingdom London
100%
1968 Mexico Mexico City
100%
2016 Brazil Rio De Janeiro
100%
2000 Australia Sydney
100%
1896 Greece Athens
97%
2008 China Beijing
97%
1936 Germany Berlin
97%
1908 United Kingdom London
97%
1948 United Kingdom London
97%
1980 Soviet union Moscow
97%
1900 France Paris
97%
1924 France Paris
97%
2024 France Paris
97%
1960 Italy Rome
97%
1988 South Korea Seoul
97%
1912 Sweden Stockholm
97%
1964 Japan Tokyo
97%
2020 Japan Tokyo
97%
1928 Netherlands Amsterdam
94%
1952 Finland Helsinki
94%
1984 United States Los Angeles
94%
1956 Australia ( equestrian in Sweden) Melbourne
94%
1972 West Germany Munich
94%
1976 Canada Montreal
90%
1920 Belgium Antwerp
87%
1996 United States Atlanta
87%
1932 United States Los Angeles
87%
2028 United States Los Angeles
87%
2032 Australia Brisbane
84%
1904 United States St Louis
74%
No matching quizzes found
Score Distribution
Percent of People with Each Score
Percentile by Number Answered
Your Score History
You have not taken this quiz